| 000 | 01680 a2200265 4500 | ||
|---|---|---|---|
| 003 | Nust | ||
| 005 | 20170207154047.0 | ||
| 010 | _a 2009042661 | ||
| 020 | _a0321639634 (pbk. : alk. paper) | ||
| 020 | _a9780321639639 (pbk. : alk. paper) | ||
| 035 | _a(OCoLC)ocn318420976 | ||
| 040 | _cNust | ||
| 082 | 0 | 0 | _a005.26 |
| 100 | 1 | _aDavid Chisnall. | |
| 245 | 1 | 0 |
_aCocoa programming developer's handbook (E-Book) _cDavid Chisnall. |
| 260 |
_aUpper Saddle River, NJ : _bAddison-Wesley, _cc2010. |
||
| 300 |
_axxviii, 896 p. : _bill. ; _c23 cm. |
||
| 490 | 1 | _aDeveloper's library | |
| 505 | _aIntroducing Cocoa (page-1), Cocoa Language Options (page-17), Using Appleās Developer Tools (page-27), Foundation: The Objective-C Standard Library (page-79), Application Concepts (page-133), Creating Graphical User Interfaces (page-159), Windows and Menus (page-203), Text in Cocoa (page-245), Creating Document-Driven Applications (page-287), Core Data (page-329), Working with Structured Data (page-353), Dynamic Views (page-395), Custom Views (page-433), Sound and Video (page-493), Advanced Visual Effects(page-521), Supporting PDF and HTML (page-555), Searching and Filtering (page-591), Contacts, Calendars, and Secrets (page-637), Pasteboards (page-675), Services (page-707), Adding Scripting (page-721), Networking (page-753), Concurrency (page-787), Portable Cocoa (page-825), Advanced Tricks (page-837). | ||
| 650 | 0 | _aApplication program interfaces (Computer software) | |
| 650 | 0 | _aCocoa (Application development environment) | |
| 650 | 0 | _aObject-oriented programming (Computer science) | |
| 651 | _a(E-Book) | ||
| 830 | 0 | _aDeveloper's library. | |
| 942 |
_2ddc _cBK |
||
| 999 |
_c192942 _d192942 |
||